Proměny největšího skladu knih

V najväčšom logistickom centre kníh v Čechách sa rýchlo zvyšujú počty položiek i množstvo tovaru, zároveň skupina Euromedia, ktorej sklad patrí rozširuje distribučné kanály. Je najväčším velkodistribútorom, druhým najväčším nakladateľstvom, prevádzkuje zásielkový predaj, je prepojená s kníhkupeckým...

Full description

Saved in:
Bibliographic Details
Main Author: Novotný, Radek
Format: Book Chapter
Language:Czech
Subjects:
Tags: Add Tag
No Tags, Be the first to tag this record!

MARC

LEADER 00000naa a2200000 4500
001 0262512
005 20200220160931.5
041 0 |a cze 
044 |a CZ 
245 1 0 |a Proměny největšího skladu knih  |c Radek Novotný 
520 |a V najväčšom logistickom centre kníh v Čechách sa rýchlo zvyšujú počty položiek i množstvo tovaru, zároveň skupina Euromedia, ktorej sklad patrí rozširuje distribučné kanály. Je najväčším velkodistribútorom, druhým najväčším nakladateľstvom, prevádzkuje zásielkový predaj, je prepojená s kníhkupeckým reťazcom Luxor a stále výraznejšie vniká do e-commerce. 
610 2 0 |a sklady 
610 2 0 |a tovar 
610 2 0 |a knihy 
610 2 0 |a distribúcia 
610 2 0 |a nakladateľstvá 
610 2 0 |a predaj zásielkový 
610 2 0 |a obchod elektronický 
610 2 0 |a Česko 
610 2 0 |a Euromedia 
100 1 |a Novotný, Radek